LIBRARY & INFORMATION CENTRE, KCAET, TAVANUR

ONLINE PUBLIC ACCESS CATALOGUE (OPAC)

Practical engineering drawing: text book for students for the first year national certificate in engineering / (Record no. 8743)

MARC details
000 -LEADER
fixed length control field 00503cam a2200169ua 4500
041 ## - LANGUAGE CODE
Language code of text/sound track or separate title eng
082 ## - DEWEY DECIMAL CLASSIFICATION NUMBER
Classification number 604.2
Item number ATK/PR
100 ## - MAIN ENTRY--AUTHOR NAME
Personal name Atkins , C J .
245 ## - TITLE STATEMENT
Title Practical engineering drawing: text book for students for the first year national certificate in engineering /
250 ## - EDITION STATEMENT
Edition statement 1 /
260 ## - PUBLICATION, DISTRIBUTION, ETC. (IMPRINT)
Place of publication London :
Name of publisher English Universities Press ,
Year of publication 1959.
300 ## - PHYSICAL DESCRIPTION
Number of Pages 177 ; .
700 1# - ADDED ENTRY--PERSONAL NAME
Personal name Ward, G B C .
942 ## - ADDED ENTRY ELEMENTS (KOHA)
Koha item type Books
Holdings
Withdrawn status Lost status Damaged status Home library Current library Date acquired Full call number Accession Number Koha item type
      KAUAET KAUAET 07/04/2012 604.2 3805 Books
free website counter